Tribhuvan University Central Library

Noun phrase structure in English and Nepali; a comparative study (Record no. 46055)

MARC details
000 -LEADER
fixed length control field 005290000a22002050004500
005 - DATE AND TIME OF LATEST TRANSACTION
control field 20120907085542.0
082 ## - DEWEY DECIMAL CLASSIFICATION NUMBER
Classification number CD2701
041 ## - LANGUAGE CODE
Language code of text/sound track or separate title Eng
100 ## - MAIN ENTRY--PERSONAL NAME
Personal name Khadka, Purna Bahadur
245 ## - TITLE STATEMENT
Title Noun phrase structure in English and Nepali; a comparative study
260 ## - PUBLICATION, DISTRIBUTION, ETC. (IMPRINT)
Place of publication, distribution, etc Kathmandu, Nepal
260 ## - PUBLICATION, DISTRIBUTION, ETC. (IMPRINT)
Date of publication, distribution, etc 2006
518 ## - DATE/TIME AND PLACE OF AN EVENT NOTE
Date/time and place of an event note 2008-08-13
530 ## - ADDITIONAL PHYSICAL FORM AVAILABLE NOTE
Additional physical form available note CD
502 ## - DISSERTATION NOTE
Dissertation note Dissertation
-- Degree in Education, Tribhuvan University
650 ## - SUBJECT ADDED ENTRY--TOPICAL TERM
Topical term or geographic name as entry element English education
650 ## - SUBJECT ADDED ENTRY--TOPICAL TERM
Topical term or geographic name as entry element Grammar
650 ## - SUBJECT ADDED ENTRY--TOPICAL TERM
Topical term or geographic name as entry element Phrase structure
942 ## - ADDED ENTRY ELEMENTS (KOHA)
Koha item type General Collections
Holdings
Withdrawn status Lost status Damaged status Not for loan Home library Current library Date acquired Total Checkouts Barcode Date last seen Price effective from
        Tribhuvan University Central Library Tribhuvan University Central Library 06/20/2010   A2097 06/20/2010 06/20/2010